Every Island and Atoll in the U.S Minor Outlying Islands - Statistics

General Stats
  • This quiz has been taken 43 times
  • The average score is 7 of 11
Answer Stats
Group Area Location Answer % Correct
North Pacific Ocean 2.6 km² 16°45′N 169°31′W Johnston Atoll
88%
North Pacific Ocean 6.2 km² 28°13’N 177°22’W Midway Atoll
79%
North Pacific Ocean 3.9 km² 5°53′N 162°05′W Palmyra Atoll
71%
North Pacific Ocean 6.5 km² 19°18′N 166°38′E Wake Island
67%
North Pacific Ocean 2.6 km² 0°48′N 176°37′W Howland Island
63%
North Pacific Ocean 0.01 km² 6°24′N 162°24′W Kingman Reef
63%
North Pacific Ocean 2.1 km² 0°12′N 176°29′W Baker Island
58%
Caribbean Sea 5.4 km² 18°24′N 75°01′W Navassa Island
58%
South Pacific Ocean 5.0 km² 0°22′S 160°01′W Jarvis Island
54%
Caribbean Sea 0.02 km² 15°50′N 79°50′W Serranilla Bank
50%
Caribbean Sea 0.02 km² 15°53′N 78°38′W Bajo Nuevo Bank
46%
No matching quizzes found
Score Distribution
Percent of People with Each Score
Percentile by Number Answered
Your Score History
You have not taken this quiz